| 000 | 00445nam a2200181Ia 4500 | ||
|---|---|---|---|
| 008 | 180207s9999 xx 000 0 und d | ||
| 020 | _a9781846865336 | ||
| 050 | _bG198 2008 | ||
| 100 | _aGannij, Joan | ||
| 245 | _aHidden hippo / | ||
| 245 | _cby Joan Gannij and Clare Beaton. | ||
| 260 | _aCambridge, MA : | ||
| 260 | _bBarefoot Books, | ||
| 260 | _c2008 | ||
| 300 | _aunpaged : | ||
| 300 | _bcolor illustration ; | ||
| 300 | _c24cm. | ||
| 999 |
_c355557 _d355557 |
||